00906cam a22002411 450000100060000000300080000600500170001400800390003103500190007003500190008904000500010804100130015808200210017110000350019224501210022726001160034830000350046450000600049950400330055965000310059270000190062374000220064216847BD-RjUL20211209000046.0140215t1963 enka b 000 0 eng a(BD-RjUL)16902 a(OCoLC)6464587 aDLCcTxCMdTxCMdOCoLCdUkdDLCdBD-RjULbeng1 aenghrus00a677.47bPET 19631 aPetukhov, Boris Vladimirovich.14aThe technology of polyester fibres /cTranslated by Margaret F. Mullins. English translation edited by B.P. Mullins. aOxford ;aNew York :bPergamon Press ;b[distributed in the Western Hemisphere by Macmillan, New York],cc1963. axiv, 89 p. :billus. ;c23 cm. aTranslation of: Poliėfirnoe volokno (romanized form). aBibliography: p. x, [85]-89. 0aTextile fibers, Synthetic.1 aMullins, B. P.0 aPolyester fibres.